Sentido y percepción

Αποθηκεύτηκε σε:
Λεπτομέρειες βιβλιογραφικής εγγραφής
Κύριος συγγραφέας: Austin, John L (Συγγραφέας)
Μορφή: Βιβλίο
Γλώσσα:Ισπανικά
Έκδοση: Madrid Tecnos 1981
Σειρά:Filosofía Ensayo
Θέματα:
Ετικέτες: Προσθήκη ετικέτας
Δεν υπάρχουν, Καταχωρήστε ετικέτα πρώτοι!

MARC

LEADER 00000nam a2200000 a 4500
001 UCX7035
003 CL-VaPUC
008 930913e19810000SP |||||||||||||||||spa|d
082 0 4 |a 152.1  |b AUS  |2 21 
100 0 |a Austin, John L  |e author  |9 323775 
245 1 0 |a Sentido y percepción 
300 |a 158 p 
942 |c BK 
945 |d 19930913 00:00:00 
260 |a Madrid  |b Tecnos  |c 1981 
650 0 |a Percepción   |9 266750 
650 7 |a CONGNICION  |2 CL-VaPUC  |9 312022 
583 |a last modification  |c 19930913 00:00:00  |k Rodrigo Vera 
490 0 |a Filosofía Ensayo 
999 |c 226955  |d 226953 
952 |0 0  |1 0  |4 0  |6 152_100000000000000_AUS_1981  |7 0  |8 A  |9 225668  |a FDOPOS  |b FDOPOS  |d 2019-11-15  |i 2943077  |o 152.1 AUS 1981  |p 2943077  |r 2025-01-22  |w 2019-11-15  |y BK  |k MLA